"I Danmark er jeg født" tekst - Statistics

General Stats
  • This quiz has been taken 139 times
    135 since last reset
  • The average score is 8 of 25
Answer Stats
Answer % Correct
I Danmark er jeg født, der har jeg {hjemme}.
96%
Du danske sprog, du er min {moders stemme}.
83%
Der har jeg rod, derfra {min verden} går.
81%
Dig elsker jeg. Danmark, mit {fædreland}.
78%
Så sødt {velsignet} du mit hjerte når.
55%
Du danske friske strand, hvor {oldtids} kæmpegrave
52%
står mellem {æblegård} og humlehave
42%
Engang du {herre} var i hele Norden.
32%
Hvor jeg har {rod}, hvorfra min verden går.
31%
Bød over {England}, nu du kaldes svag.
28%
Du danske friske strand, hvor {Dannebrog}en vajer.
23%
Du danske friske strand, plovjernet {guldhorn} finder.
23%
Et {lille land}, og dog så vidt om jorden,
23%
Gud gav os den, {Gud giv} den bedste sejr.
19%
Hvor reder {sommer}en ved blomstersengen
17%
Gud giv dig {fremtid}, som han gav dig minder.
16%
så dejlig som i {bøgen}s fædreland?
16%
end høres {dansken}s sang og mejselslag.
15%
mer' rigt end her, ned til den {åbne strand}?
14%
Du land hvor jeg {blev født}, hvor jeg har hjemme.
13%
Hvor sproget er min moders {bløde} stemme,
12%
Hvor står {fuldmånen} over kløverengen
10%
Du danske friske strand, med vilde {svaner}s rede.
9%
og som en {sød musik} mit hjerte når.
7%
I {grønne øer}, mit hjertes hjem hernede.
3%
No matching quizzes found
Score Distribution
Percent of People with Each Score
Percentile by Number Answered
Your Score History
You have not taken this quiz since the last reset